000
00212nam a22000857a 4500
008
160715b xxu||||| |||| 00| 0 eng d
100
_9
2915
_a
Maxwell, J.C
245
_a
The Prelude
260
_a
New York
_b
Penguin
_c
1971
999
_c
2480
_d
2480